[Event "Perm op 04"]
[Site "Perm"]
[Date "2010.04.23"]
[Round "2"]
[White "Losev, Anatoly"]
[Black "Artemenko, Rimma"]
[Result "1-0"]
[WhiteElo "1898"]
[BlackElo "1577"]
[PlyCount "117"]
[EventDate "2010.04.22"]
[EventType "swiss"]
[EventRounds "9"]
[EventCountry "RUS"]
[SourceTitle "EXT 2012"]
[Source "ChessBase"]
[SourceDate "2011.11.24"]
[SourceVersion "1"]
[SourceVersionDate "2011.11.24"]
[SourceQuality "1"]

1. d4 Nf6 2. c4 e6 3. Nc3 Bb4 4. Bd2 d5 5. e3 0-0 6. Nf3 b6 7. cxd5 exd5 8. Qc2 c5 9. a3 Bxc3 10. Bxc3 c4 11. b3 cxb3 12. Qxb3 Ne4 13. Bb4 Re8 14. Bb5 Re6 15. 0-0 a6 16. Bd3 Nc6 17. Rfc1 Bb7 18. Be1 g5 19. Rab1 g4 20. Nd2 Na5 21. Qd1 Qg5 22. Nxe4 dxe4 23. Be2 h5 24. Rc7 Rc8 25. Rxc8+ Bxc8 26. d5 Rd6 27. Bxa5 bxa5 28. Rb8 Rd8 29. Qc2 Bf5 30. Qc7 Rxb8 31. Qxb8+ Kg7 32. Qb6 Qf6 33. Qxa5 Qa1+ 34. Bf1 Qd1 35. Qxa6 Qxd5 36. Qb5 Be6 37. Qxd5 Bxd5 38. a4 Kf6 39. h3 gxh3 40. g3 Kg5 41. Kh2 h4 42. Bxh3 Bc6 43. a5 Bb7 44. Bd7 Ba6 45. Bc6 hxg3+ 46. Kxg3 Kf5 47. Bd7+ Ke5 48. Kg4 f6 49. Kh5 Kd6 50. Bf5 Ke5 51. Kg6 Bb7 52. Bg4 Ba6 53. Bh3 Bb7 54. Bf1 Bc8 55. Bb5 Bb7 56. a6 Bc8 57. Kf7 Kf5 58. Ke7 Kg4 59. Be2+ 1-0

[Event "Perm op-A 01"]
[Site "Perm"]
[Date "2010.01.08"]
[Round "5"]
[White "Losev, Anatoly"]
[Black "Derzhavin, Dmitry Mikhailovich"]
[Result "0-1"]
[WhiteElo "2039"]
[BlackElo "1829"]
[PlyCount "66"]
[EventDate "2010.01.04"]
[EventType "swiss"]
[EventRounds "9"]
[EventCountry "RUS"]
[SourceTitle "EXT 2012"]
[Source "ChessBase"]
[SourceDate "2011.11.24"]
[SourceVersion "1"]
[SourceVersionDate "2011.11.24"]
[SourceQuality "1"]

1. d4 d5 2. c4 e6 3. Nc3 g6 4. Nf3 Bg7 5. Bf4 c6 6. e3 Ne7 7. h3 0-0 8. Qc2 Nd7 9. Rd1 Re8 10. e4 f6 11. Be2 e5 12. dxe5 fxe5 13. Bg3 d4 14. Nb1 c5 15. 0-0 Nc6 16. a3 Rf8 17. Nbd2 Qe8 18. Ne1 b6 19. Nd3 Bb7 20. b4 Rc8 21. b5 Nd8 22. Bg4 Nf7 23. f4 Rd8 24. Rde1 exf4 25. Bxf4 Nfe5 26. Bxd7 Rxd7 27. Bg3 Rdf7 28. Nxe5 Bxe5 29. Rxf7 Rxf7 30. Qd3 Bc8 31. Bxe5 Qxe5 32. Nf3 Qg3 33. h4 Rxf3 0-1

[Event "Perm op 09"]
[Site "Perm"]
[Date "2007.09.19"]
[Round "7"]
[White "Losev, Anatoly"]
[Black "Bychenkova, Sonia"]
[Result "1-0"]
[WhiteElo "2067"]
[BlackElo "1970"]
[PlyCount "35"]
[EventDate "2007.09.12"]
[EventType "swiss"]
[EventRounds "8"]
[EventCountry "RUS"]
[SourceTitle "EXT 2022"]
[Source "ChessBase"]
[SourceDate "2021.10.06"]
[SourceVersion "1"]
[SourceVersionDate "2021.10.06"]
[SourceQuality "1"]

1. e4 c6 2. d4 d5 3. Nc3 dxe4 4. Nxe4 Bf5 5. Ng3 Bg6 6. Nf3 Nf6 7. h4 h6 8. Bd3 Bxd3 9. Qxd3 Nbd7 10. 0-0 g6 11. Re1 Bg7 12. h5 g5 13. Nf5 Kf8 14. Rxe7 Nb6 15. Bxg5 hxg5 16. Nxg5 Nxh5 17. Rxf7+ Kg8 18. Ne7+ 1-0

[Event "Perm op-A 08"]
[Site "Perm"]
[Date "2007.08.08"]
[Round "5"]
[White "Losev, Anatoly"]
[Black "Leontjevsky, Mikhail"]
[Result "1-0"]
[WhiteElo "1964"]
[BlackElo "2055"]
[PlyCount "59"]
[EventDate "2007.08.03"]
[EventType "swiss"]
[EventRounds "9"]
[EventCountry "RUS"]
[SourceTitle "EXT 2008"]
[Source "ChessBase"]
[SourceDate "2007.11.25"]
[SourceVersion "1"]
[SourceVersionDate "2007.11.25"]
[SourceQuality "1"]

1. d4 d5 2. c4 e6 3. Nc3 Be7 4. Nf3 Nf6 5. Bg5 0-0 6. e3 b6 7. Bd3 dxc4 8. Bxc4 Bb7 9. 0-0 Bxf3 10. Qxf3 Nbd7 11. Rfd1 Nd5 12. Bxe7 Qxe7 13. e4 Nxc3 14. bxc3 c5 15. e5 cxd4 16. cxd4 Rac8 17. Bd3 Rc7 18. Rac1 Rfc8 19. Rxc7 Rxc7 20. Qa8+ Nf8 21. g3 Rd7 22. h4 Qd8 23. Qxd8 Rxd8 24. Kg2 Ng6 25. Kf3 Kf8 26. Ke3 Ke7 27. Rc1 Rd7 28. Bb5 Rb7 29. Rc8 f6 30. Bc6 1-0

[Event "Perm op-A 08"]
[Site "Perm"]
[Date "2007.08.03"]
[Round "1"]
[White "Kirillov, Igor"]
[Black "Losev, Anatoly"]
[Result "1-0"]
[WhiteElo "2298"]
[BlackElo "1964"]
[PlyCount "63"]
[EventDate "2007.08.03"]
[EventType "swiss"]
[EventRounds "9"]
[EventCountry "RUS"]
[SourceTitle "EXT 2008"]
[Source "ChessBase"]
[SourceDate "2007.11.25"]
[SourceVersion "1"]
[SourceVersionDate "2007.11.25"]
[SourceQuality "1"]

1. e4 c5 2. Nf3 Nc6 3. d4 cxd4 4. Nxd4 d6 5. c4 g6 6. Nc3 Bg7 7. Be3 Nf6 8. Be2 h5 9. h3 Bd7 10. Qd2 Nxd4 11. Bxd4 0-0 12. 0-0 Bc6 13. Bd3 Qc7 14. Rae1 e5 15. Be3 a6 16. f4 Nd7 17. f5 Nc5 18. Bb1 b5 19. Bh6 Rfe8 20. Qg5 f6 21. Qxg6 Qf7 22. Qxg7+ Qxg7 23. Bxg7 Kxg7 24. cxb5 axb5 25. Rf3 b4 26. Rg3+ Kf7 27. Nd1 d5 28. exd5 Bxd5 29. b3 Red8 30. Nf2 Rg8 31. Ree3 Rxg3 32. Rxg3 1-0